Eggtime stories / (Record no. 9503)

MARC details
000 -LEADER
fixed length control field 01105nam a22002657a 4500
001 - CONTROL NUMBER
control field 9503
003 - CONTROL NUMBER IDENTIFIER
control field FISKH
005 - DATE AND TIME OF LATEST TRANSACTION
control field 20260115144931.0
008 - FIXED-LENGTH DATA ELEMENTS--GENERAL INFORMATION
fixed length control field 260115b cb ||||| |||| 00| 0 eng d
040 ## - CATALOGING SOURCE
Original cataloging agency FISKH
Language of cataloging eng
Transcribing agency FISKH
Modifying agency FISKH
050 ## - LIBRARY OF CONGRESS CALL NUMBER
Classification number PZ7
082 ## - DEWEY DECIMAL CLASSIFICATION NUMBER
Classification number 811
100 ## - MAIN ENTRY--PERSONAL NAME
Personal name Reeves, James
Relator term Author
245 ## - TITLE STATEMENT
Title Eggtime stories /
Statement of responsibility, etc. James Reeves ; illustrated by Colin McNaughton
260 ## - PUBLICATION, DISTRIBUTION, ETC.
Place of publication, distribution, etc. London :
Name of publisher, distributor, etc. Blackie & Son Limited ,
Date of publication, distribution, etc. 1978
300 ## - PHYSICAL DESCRIPTION
Extent 63 pages :
Other physical details illustrations ;
Dimensions 23 cm
505 ## - FORMATTED CONTENTS NOTE
Formatted contents note G<br/>
520 ## - SUMMARY, ETC.
Summary, etc. The celebrated story-teller, James Reeves, has created a collection of shorts stories for reading aloud-each one takes as long as the time it takes to cooks an egg (ranging from soft to hard-boiled). These are simple, but highly imaginative tales, each one with something special about it-a joke, a discovery, a surprise, all complemented by Colin McNaughton's witty line drawings.
521 8# - TARGET AUDIENCE NOTE
Target audience note 400<br/>
Source Lexile estimate<br/>
521 8# - TARGET AUDIENCE NOTE
Target audience note G<br/>
Source Raz-Plus<br/>
650 ## - SUBJECT ADDED ENTRY--TOPICAL TERM
Topical term or geographic name entry element Imaginative tales
Form subdivision Joke
700 ## - ADDED ENTRY--PERSONAL NAME
Personal name McNaughton, Colin
Relator term Illustrator
942 ## - ADDED ENTRY ELEMENTS (KOHA)
Source of classification or shelving scheme Dewey Decimal Classification
Koha item type Books
Suppress in OPAC No
Holdings
Withdrawn status Lost status Source of classification or shelving scheme Damaged status Not for loan Collection Home library Current library Shelving location Date acquired Total Checkouts Full call number Barcode Date last seen Copy number Price effective from Koha item type
    Dewey Decimal Classification     Juvenile Fiction Footprints International School Library Network Toul Tom Poung Campus Footprints International School Library Network Toul Tom Poung Campus TTP Primary Dark Blue Bookshelves 01/15/2026   REE 811 PZ7 FIS00598 01/15/2026 1 01/15/2026 Books